<?xml version="1.0" encoding="UTF-8"?>
<record
    xmlns:xsi="http://www.w3.org/2001/XMLSchema-instance"
    xsi:schemaLocation="http://www.loc.gov/MARC21/slim http://www.loc.gov/standards/marcxml/schema/MARC21slim.xsd"
    xmlns="http://www.loc.gov/MARC21/slim">

  <leader>01182nam a22002177a 4500</leader>
  <controlfield tag="003">NALT</controlfield>
  <controlfield tag="005">20220325093900.0</controlfield>
  <controlfield tag="008">190315b        th ||||| ||||o00| 0 tha d</controlfield>
  <datafield tag="040" ind1=" " ind2=" ">
    <subfield code="a">NALT</subfield>
  </datafield>
  <datafield tag="086" ind1=" " ind2=" ">
    <subfield code="a">&#xE01;&#xE04; 04 7.5 352.4 2559 </subfield>
  </datafield>
  <datafield tag="110" ind1="2" ind2=" ">
    <subfield code="a">&#xE01;&#xE23;&#xE30;&#xE17;&#xE23;&#xE27;&#xE07;&#xE01;&#xE32;&#xE23;&#xE04;&#xE25;&#xE31;&#xE07;.</subfield>
    <subfield code="b">&#xE01;&#xE23;&#xE21;&#xE1A;&#xE31;&#xE0D;&#xE0A;&#xE35;&#xE01;&#xE25;&#xE32;&#xE07;</subfield>
    <subfield code="9">18640</subfield>
  </datafield>
  <datafield tag="245" ind1="1" ind2="0">
    <subfield code="a">&#xE23;&#xE32;&#xE22;&#xE07;&#xE32;&#xE19;&#xE01;&#xE32;&#xE23;&#xE40;&#xE07;&#xE34;&#xE19;&#xE41;&#xE1C;&#xE48;&#xE19;&#xE14;&#xE34;&#xE19; &#xE1B;&#xE23;&#xE30;&#xE08;&#xE33;&#xE1B;&#xE35;&#xE07;&#xE1A;&#xE1B;&#xE23;&#xE30;&#xE21;&#xE32;&#xE13; &#xE1E;.&#xE28;. 2559 : &#xE07;&#xE1A;&#xE41;&#xE2A;&#xE14;&#xE07;&#xE10;&#xE32;&#xE19;&#xE30;&#xE01;&#xE32;&#xE23;&#xE40;&#xE07;&#xE34;&#xE19;&#xE41;&#xE25;&#xE30;&#xE07;&#xE1A;&#xE23;&#xE32;&#xE22;&#xE44;&#xE14;&#xE49;&#xE41;&#xE25;&#xE30;&#xE04;&#xE48;&#xE32;&#xE43;&#xE0A;&#xE49;&#xE08;&#xE48;&#xE32;&#xE22; &#xE1B;&#xE23;&#xE30;&#xE08;&#xE33;&#xE1B;&#xE35;&#xE07;&#xE1A;&#xE1B;&#xE23;&#xE30;&#xE21;&#xE32;&#xE13; &#xE1E;.&#xE28;. 2559 /</subfield>
    <subfield code="c">&#xE01;&#xE23;&#xE21;&#xE1A;&#xE31;&#xE0D;&#xE0A;&#xE35;&#xE01;&#xE25;&#xE32;&#xE07; &#xE01;&#xE23;&#xE30;&#xE17;&#xE23;&#xE27;&#xE07;&#xE01;&#xE32;&#xE23;&#xE04;&#xE25;&#xE31;&#xE07;.</subfield>
  </datafield>
  <datafield tag="260" ind1=" " ind2=" ">
    <subfield code="a">&#xE01;&#xE23;&#xE38;&#xE07;&#xE40;&#xE17;&#xE1E;&#xE2F; :</subfield>
    <subfield code="b">&#xE01;&#xE23;&#xE21;&#xE1A;&#xE31;&#xE0D;&#xE0A;&#xE35;&#xE01;&#xE25;&#xE32;&#xE07; &#xE01;&#xE23;&#xE30;&#xE17;&#xE23;&#xE27;&#xE07;&#xE01;&#xE32;&#xE23;&#xE04;&#xE25;&#xE31;&#xE07;,</subfield>
    <subfield code="c">2561.</subfield>
  </datafield>
  <datafield tag="300" ind1=" " ind2=" ">
    <subfield code="a">25 &#xE2B;&#xE19;&#xE49;&#xE32; :</subfield>
    <subfield code="b">&#xE15;&#xE32;&#xE23;&#xE32;&#xE07; ;</subfield>
    <subfield code="c">29 &#xE0B;&#xE21;.</subfield>
  </datafield>
  <datafield tag="650" ind1=" " ind2="4">
    <subfield code="9">372</subfield>
    <subfield code="a">&#xE04;&#xE48;&#xE32;&#xE43;&#xE0A;&#xE49;&#xE08;&#xE48;&#xE32;&#xE22;</subfield>
  </datafield>
  <datafield tag="650" ind1=" " ind2="4">
    <subfield code="a">&#xE07;&#xE1A;&#xE23;&#xE32;&#xE22;&#xE44;&#xE14;&#xE49;</subfield>
    <subfield code="9">371</subfield>
  </datafield>
  <datafield tag="850" ind1=" " ind2=" ">
    <subfield code="a">NALT</subfield>
  </datafield>
  <datafield tag="942" ind1=" " ind2=" ">
    <subfield code="c">GOV</subfield>
    <subfield code="2">local</subfield>
  </datafield>
  <datafield tag="998" ind1=" " ind2=" ">
    <subfield code="a">bijaya</subfield>
    <subfield code="c">DAO</subfield>
    <subfield code="j">1020</subfield>
    <subfield code="k"> &#xE08;&#xE33;&#xE40;&#xE23;&#xE35;&#xE22;&#xE07; &#xE23;&#xE30;&#xE27;&#xE31;&#xE07;&#xE2A;&#xE33;&#xE42;&#xE23;&#xE07;</subfield>
  </datafield>
  <datafield tag="999" ind1=" " ind2=" ">
    <subfield code="c">95818</subfield>
    <subfield code="d">95818</subfield>
  </datafield>
  <datafield tag="952" ind1=" " ind2=" ">
    <subfield code="0">0</subfield>
    <subfield code="1">0</subfield>
    <subfield code="2">local</subfield>
    <subfield code="4">0</subfield>
    <subfield code="7">0</subfield>
    <subfield code="8">CGOV</subfield>
    <subfield code="a">NALT</subfield>
    <subfield code="b">NALT</subfield>
    <subfield code="c">GOV</subfield>
    <subfield code="d">2019-03-15</subfield>
    <subfield code="l">1</subfield>
    <subfield code="o">&#xE01;&#xE04; 04 7.5 352.4  2559</subfield>
    <subfield code="p">3961209178</subfield>
    <subfield code="r">2019-04-09 00:00:00</subfield>
    <subfield code="s">2019-04-09</subfield>
    <subfield code="w">2019-03-15</subfield>
    <subfield code="y">GOV</subfield>
  </datafield>
</record>
